| 000 | 00995nam a2200313 i 4500 | ||
|---|---|---|---|
| 001 | bg | ||
| 245 | 0 | 0 |
_aPodstawy logistyki : _bpodręcznik do kształcenia w zawodzie technik logistyk : praca zbiorowa / _c[aut. Ireneusz Fechner et al.]. |
| 260 |
_aPoznań : _bInstytut Logistyki i Magazynowania, _c2006. |
||
| 300 |
_a201 s. : _bil. ; _c24 cm. |
||
| 490 | 1 | _aBiblioteka Logistyka | |
| 504 | _aBibliogr. przy rozdz. | ||
| 650 | 9 | _aLogistyka gospodarcza | |
| 655 | _aPodręczniki dla szkół zawodowych | ||
| 700 | 1 | _aFechner, Ireneusz. | |
| 830 | _aBiblioteka Logistyka | ||
| 015 | _aPB 332/2008 | ||
| 020 | _a8387344575 | ||
| 020 | _a9788387344573 | ||
| 040 | _cBPK | ||
| 041 | 0 | _apol | |
| 044 | _aPOL | ||
| 080 | _a005.51 | ||
| 080 | _a005.51(075.3-021.66) | ||
| 920 | _a83-87344-57-5 | ||
| 920 | _a978-83-87344-57-3 | ||
| 942 | _cKS | ||
| 008 | 071214s2006 pl a f f |000 0 pol | ||
| 999 |
_c54834 _d54834 |
||
| 856 |
_uhttp://koha.tu.koszalin.pl/cgi-bin/koha/opac-detail.pl?biblionumber=54834 _yKatalog online BPK |
||